| 000 | 00718nam a22001937a 4500 | ||
|---|---|---|---|
| 999 |
_c19026 _d19026 |
||
| 003 | BDDh-ASL | ||
| 005 | 20231015025743.0 | ||
| 008 | 201109s1999 bg ||||| |||| 00| 0 b d | ||
| 040 |
_aBDDh-ASL _cBDDh-ASL |
||
| 041 | _aben | ||
| 082 |
_a297.3 _bABM |
||
| 100 | 1 |
_91974 _aআবদুল্লাহ, মুহাম্মদ |
|
| 245 | 1 | 0 | _aমসজিদের বিধানাবলী / |
| 246 | _aMasjider Bidhanabali ( The Rules about Masjid) by Muhammad Abudllah. | ||
| 260 |
_aঢাকা : _bইসলামিক ফাউন্ডেশন, _c1999. |
||
| 300 |
_a১৪৪ পৃ.: _c২১ সে. মি. |
||
| 650 | 0 |
_91975 _aমসজিদ _xনিয়ম-কানুন |
|
| 942 |
_2ddc _cBK |
||